| 000 | 00386 a2200133 4500 | ||
|---|---|---|---|
| 005 | 20250607102051.0 | ||
| 020 | _a978-93-5161-059-5 | ||
| 082 | _a330.024 MEH | ||
| 100 | _aMEHTA, P. L. | ||
| 245 | _aManagerial Economics Analysis, Problems & Cases | ||
| 260 |
_aNew Delhi, _bSultan Chand & Sons, _c2024. |
||
| 300 |
_axx, 820p.: ill.; table, _bReferences, _c24cm. |
||
| 942 |
_2ddc _cBKS |
||
| 999 |
_c3409 _d3409 |
||